Oxford basics: intercultural activities
Saved in:
| Main Authors: | , |
|---|---|
| Format: | Book |
| Language: | Spanish |
| Published: |
Oxford
Oxford University Press
2002
|
| Edition: | 1a. ed |
| Series: | Oxford Basics Series
|
| Subjects: | |
| Tags: |
Add Tag
No Tags, Be the first to tag this record!
|
MARC
| LEADER | 00000cam a2200000 a 4500 | ||
|---|---|---|---|
| 001 | UCE8838 | ||
| 003 | CL-VaPUC | ||
| 008 | 150904e20020000uk |||||||||||||||||spa|d | ||
| 020 | |a 9780194421782 | ||
| 082 | 0 | 4 | |a 372.65 |b GIL |2 21 |
| 100 | 0 | |a Gill, Simon |e author |9 581584 | |
| 700 | 0 | |a Cancová, Michaela |e author |9 581585 | |
| 245 | 1 | 0 | |a Oxford basics: intercultural activities |
| 250 | |a 1a. ed | ||
| 300 | |a 65 p | ||
| 942 | |c BK | ||
| 945 | |d 20150904 11:50:00 |a gsalatino | ||
| 260 | |a Oxford |b Oxford University Press |c 2002 | ||
| 650 | 0 | |a Enseñanza de idiomas |9 339820 | |
| 650 | 0 | |a Enseñanza del inglés |9 367340 | |
| 650 | 0 | |a Métodos de enseñanza |9 270413 | |
| 583 | |a last modification |c 20170824 03:14:49 |k Rodrigo Vera | ||
| 490 | 0 | |a Oxford Basics Series | |
| 999 | |c 360607 |d 360605 | ||
| 952 | |0 0 |1 0 |3 erb |4 0 |6 372_650000000000000_GIL_2002 |7 0 |8 A |9 470482 |a BIBEDU |b BIBEDU |i 5196027 |o 372.65 GIL 2002 |p 5196027 |r 2019-11-23 |w 2019-11-23 |y BK |z Catalogado en:20150904 |k LIT | ||
| 952 | |0 0 |1 0 |3 erb |4 0 |6 372_650000000000000_GIL_2002 |7 0 |8 A |9 470483 |a BIBEDU |b BIBEDU |i 5245516 |o 372.65 GIL 2002 |p 5245516 |r 2019-11-23 |w 2019-11-23 |y BK |z Catalogado en:20151029 |k LIT | ||